Engineering Mechanics Dynamics / (Record no. 175508)
[ view plain ]
| 000 -LEADER | |
|---|---|
| fixed length control field | 01094 a2200205 4500 |
| 003 - CONTROL NUMBER IDENTIFIER | |
| control field | Nust |
| 005 - DATE AND TIME OF LATEST TRANSACTION | |
| control field | 20220802103141.0 |
| 010 ## - LIBRARY OF CONGRESS CONTROL NUMBER | |
| LC control number | 97046929 |
| 020 ## - INTERNATIONAL STANDARD BOOK NUMBER | |
| International Standard Book Number | 0135782619 |
| 040 ## - CATALOGING SOURCE | |
| Transcribing agency | Nust |
| 082 00 - DEWEY DECIMAL CLASSIFICATION NUMBER | |
| Classification number | 620.1,HIB |
| 100 1# - MAIN ENTRY--PERSONAL NAME | |
| Personal name | Hibbeler, R. C. |
| 245 10 - TITLE STATEMENT | |
| Title | Engineering Mechanics Dynamics / |
| Statement of responsibility, etc. | R.C. Hibbeler. |
| 250 ## - EDITION STATEMENT | |
| Edition statement | SI ed. |
| 260 ## - PUBLICATION, DISTRIBUTION, ETC. | |
| Place of publication, distribution, etc. | Upper Saddle River, N.J. : |
| Name of publisher, distributor, etc. | Prentice Hall, |
| Date of publication, distribution, etc. | c1998. |
| 300 ## - PHYSICAL DESCRIPTION | |
| Extent | xvi, 672 p. : |
| Other physical details | ill. (some col.) ; |
| Dimensions | 25 cm. |
| 505 ## - FORMATTED CONTENTS NOTE | |
| Formatted contents note | Kinematics of a Particle (Page-3), Kinetics of a Particle: Force and Acceleration (Page-91), Kinetics of a Particle: Work and Energy (Page-145), Kinetics of a Particle: Impulse and Momentum (Page-189), Planner Kinematics of a Rigid Body (Page-269), Planar Kinetics of a Rigid Body: Force and Acceleration (Page-341), Planar Kinetics of a Rigid Body: Work and Energy (Page-397), Planar Kinetics of Rigid Body: Impulse and Momentum (Page-429), Three-Dimensional Kinematics of a Rigid Body (Page-481), Three-Dimensional Kinetics of a Rigid Body (Page-511), Vibrations (Page-557). |
| 650 #0 - SUBJECT ADDED ENTRY--TOPICAL TERM | |
| Topical term or geographic name entry element | Dynamics. |
| 942 ## - ADDED ENTRY ELEMENTS (KOHA) | |
| Koha item type | Reference |
| Source of classification or shelving scheme | |
| Withdrawn status | Lost status | Source of classification or shelving scheme | Damaged status | Not for loan | Permanent Location | Current Location | Shelving location | Date acquired | Full call number | Barcode | Date last seen | Price effective from | Koha item type | Public note |
|---|---|---|---|---|---|---|---|---|---|---|---|---|---|---|
| Military College of Signals (MCS) | Military College of Signals (MCS) | Reference | 12/12/2016 | 620.1,HIB | MCS30345 | 12/08/2016 | 12/12/2016 | Reference | Almirah No.20, Shelf No.1 |
